[Event "Metz op"]
[Site "Metz"]
[Date "1996.??.??"]
[Round "?"]
[White "Timoshchenko, Gennadi A"]
[Black "Finkel, Alexander"]
[Result "0-1"]
[WhiteElo "2530"]
[BlackElo "2500"]

1.d4 Nf6 2.c4 g6 3.Nc3 d5 4.cxd5 Nxd5 5.e4 Nxc3 6.bxc3 Bg7 7.Nf3 c5 8.Rb1 O-O
9.Be2 Nc6 10.d5 Ne5 11.Nxe5 Bxe5 12.Qd2 e6 13.f4 Bc7 14.Bc4 a6 15.a4 Qe8
16.Qc2 Rb8 17.Ba2 b5 18.axb5 axb5 19.O-O c4 20.Ba3 exd5 21.Bxf8 Qxf8 22.Rbe1 dxe4
23.Qxe4 Qc5+ 24.Kh1 Bf5 25.Qe7 Qxe7 26.Rxe7 Bd3 27.Rd1 Ba5 28.Rxd3 cxd3 29.Rxf7 Kh8
30.Rd7 Re8 31.h3 Re3 32.Kh2 Bxc3 33.Rd8+ Kg7 34.Rd7+ Kf8 35.Rxh7 Be1 36.h4 d2
37.Rd7 Bxh4 38.g4 Bg3+ 39.Kg2 Be1 40.f5 gxf5 41.gxf5 Ke8 42.Rd4 Ke7 43.Bb1 Rc3
44.Be4 Rc4  0-1

[Event "Fide Mercenarios 10th"]
[Site "MEX"]
[Date "1996.??.??"]
[Round "2"]
[White "De Winter, Willy"]
[Black "Ruiz, Guillermo"]
[Result "0-1"]
[WhiteElo "2180"]
[BlackElo "2250"]

1.d4 Nf6 2.c4 g6 3.Nc3 d5 4.cxd5 Nxd5 5.e4 Nxc3 6.bxc3 Bg7 7.Nf3 O-O 8.Rb1 c5
9.Be2 Qa5 10.O-O cxd4 11.cxd4 Qxa2 12.Bg5 Re8 13.Qd3 b6 14.Qe3 Ba6 15.Bxa6 Qxa6
16.h4 Nd7 17.e5 b5 18.d5 Nb6 19.Rfd1 f6 20.Bf4 Nc4 21.Qe2 fxe5 22.Nxe5 Qf6
23.Nxc4 Qxf4 24.Rxb5 Rac8 25.Na5 Qxh4 26.Nc6 e6 27.Rb7 exd5 28.Qf3 Rf8 29.Qxd5+ Kh8
30.Rd2 h6 31.Nd8 Rf5 32.Qd7 Rh5 33.Qh3 Qf4 34.Qe3 Qh2+ 35.Kf1 Qh1+ 36.Ke2 Qxg2
37.Qe6 Re5+ 38.Qxe5 Bxe5 39.Nf7+  0-1

[Event "Crespi mem"]
[Site "Milan"]
[Date "1996.??.??"]
[Round "1"]
[White "Bevilacqua, Maurizio"]
[Black "Di Fonzo, Valerio"]
[Result "1/2-1/2"]
[WhiteElo "2065"]
[BlackElo "2225"]

1.d4 Nf6 2.c4 g6 3.Nc3 d5 4.cxd5 Nxd5 5.e4 Nxc3 6.bxc3 Bg7 7.Nf3 c5 8.Be2 cxd4
9.cxd4 Nc6 10.Be3 O-O 11.Qd2 Bg4 12.Rd1 Qa5 13.O-O Qxd2 14.Rxd2 Na5 15.Rc1 Rfc8
16.Rdc2 Rxc2 17.Rxc2 Rc8 18.Rxc8+ Bxc8 19.Kf1 f5 20.exf5 Bxf5 21.Ne5 Be6
22.a3 Bd5 23.g3 e6 24.Bd2 Nc6 25.Nxc6 Bxc6 26.Be3 Bf8 27.Bc1 b5 28.Bd3 Kf7
29.Ke2 a5 30.h4 a4 31.h5 b4 32.hxg6+ hxg6 33.axb4 Bxb4 34.Bb2 Bd5 35.f4 a3
36.Ba1 Bb3 37.g4 Bd5 38.Bc2 Kf6 39.g5+ Ke7 40.Bd3 Bb3 41.Be4 Bd6 42.Ke3 Bd5
43.Bd3 Bb4 44.Ke2 a2 45.Ke3 Bb3 46.Ke4 Bd5+ 47.Ke3 Bd6 48.Bc2 Bc4 49.Be4 Bb4
50.Bc2 Ba3 51.Kd2 Bd5 52.Bd3 Bb4+ 53.Ke3 Ba3 54.Kd2 Bb4+  1/2-1/2

[Event "Minsk op"]
[Site "Minsk"]
[Date "1996.??.??"]
[Round "3"]
[White "Notkin, Maksim"]
[Black "Yandemirov, Valeri"]
[Result "1-0"]
[WhiteElo "2515"]
[BlackElo "2430"]

1.d4 Nf6 2.c4 g6 3.Nc3 d5 4.cxd5 Nxd5 5.e4 Nxc3 6.bxc3 Bg7 7.Nf3 c5 8.Rb1 O-O
9.Be2 Nc6 10.d5 Ne5 11.Nxe5 Bxe5 12.Qd2 e6 13.f4 Bg7 14.c4 Qe8 15.O-O exd5
16.exd5 b6 17.Bd3 Qe7 18.Qc2 Bd7 19.f5 Rae8 20.Bf4 Be5 21.Bxe5 Qxe5 22.Rbd1 g5
23.f6 h6 24.Rf2 Qd6 25.Rdf1 Re3 26.Qd1 Rfe8 27.Bb1 Rc3 28.Qh5 Qf8 29.Bf5 Ba4
30.Be6 Rxc4 31.Qg6+ Kh8 32.Bxf7 Rf4 33.Rxf4 gxf4 34.Bxe8 Bxe8 35.Qe4 Bf7
36.Rxf4 Qd6 37.Qe7  1-0

[Event "Minsk op"]
[Site "Minsk"]
[Date "1996.??.??"]
[Round "9"]
[White "Smirnov, Valerij"]
[Black "Neverov, Valeriy"]
[Result "0-1"]
[WhiteElo "2395"]
[BlackElo "2515"]

1.d4 Nf6 2.c4 g6 3.Nc3 d5 4.cxd5 Nxd5 5.e4 Nxc3 6.bxc3 Bg7 7.Bb5+ c6 8.Ba4 a5
9.Nf3 b5 10.Bb3 a4 11.Bc2 c5 12.O-O cxd4 13.cxd4 Nc6 14.e5 Be6 15.Be3 O-O
16.Ng5 Bc4 17.Qg4 Nb4 18.Be4 f5 19.exf6 exf6 20.Bxa8 Qxa8 21.Nf3 Bxf1 22.Rxf1 Qd5
23.a3 Nc2 24.Rc1 Nxe3 25.fxe3 Qb3 26.Qe4 Qxa3 27.Qe6+ Kh8 28.Rb1 Qd3  0-1

[Event "Moscow IM2"]
[Site "Moscow"]
[Date "1996.??.??"]
[Round "?"]
[White "Kosyrev, Vladimir"]
[Black "Tsebekov, Hongr"]
[Result "1-0"]
[WhiteElo "2225"]
[BlackElo "2240"]

1.d4 Nf6 2.c4 g6 3.Nc3 d5 4.cxd5 Nxd5 5.e4 Nxc3 6.bxc3 Bg7 7.Bb5+ Bd7 8.Rb1 O-O
9.Nf3 c5 10.O-O Bg4 11.Be3 cxd4 12.cxd4 a6 13.Be2 b5 14.a4 bxa4 15.Qxa4 Bd7
16.Qa3 Nc6 17.d5 Ne5 18.Bb6 Nxf3+ 19.Bxf3 Qe8 20.Bc5 f5 21.Bxe7 fxe4 22.Bxe4 Rf4
23.Bf3 Ra4 24.Qd6 Rc8 25.Rb7 Bf5 26.Bd1 Re4 27.Bb3 Rc3 28.Bf6 Bf8 29.Qxa6 Bc8
30.Bxc3  1-0

[Event "Moscow-2 (Women)"]
[Site "Moscow"]
[Date "1996.??.??"]
[Round "?"]
[White "Alexandrova, Olga"]
[Black "Krasenkova, Ilena"]
[Result "1-0"]
[WhiteElo "2210"]
[BlackElo "2155"]

1.d4 Nf6 2.c4 g6 3.Nc3 d5 4.cxd5 Nxd5 5.e4 Nxc3 6.bxc3 Bg7 7.Bc4 O-O 8.Ne2 c5
9.Be3 Nc6 10.O-O Bg4 11.f3 Na5 12.Bd3 cxd4 13.cxd4 Be6 14.Rc1 Bxa2 15.Qa4 Bb3
16.Qb4 b6 17.Ba6 Qd6 18.Qxd6 exd6 19.d5 Ba4 20.Nc3 Bd7 21.Nb5 Bxb5 22.Bxb5 a6
23.Bd3 b5 24.Bb6 Nb3 25.Rc6 Rfb8 26.Bc7 Rb7 27.Bxd6 a5 28.e5 a4 29.Rf2 Nd4
30.Rc1 b4 31.Ra2 Bf8 32.Bxf8 Kxf8 33.Kf2 b3 34.Ra3 Nb5 35.Bxb5 Rxb5 36.Rb1 Raa5
37.Rba1 Rxd5 38.Rxa4 Rxa4 39.Rxa4 Rb5 40.Ra1 Rxe5 41.Rb1 Rb5 42.Ke3 Ke7 43.Kd4 Kd6
44.Kc4 Rc5+ 45.Kxb3 Rb5+ 46.Kc2 Rxb1 47.Kxb1 Ke5 48.Kc2 f5 49.Kd3 g5 50.Ke3 f4+
51.Kd3 h5 52.Kc4 g4 53.h4 gxh3 54.gxh3 Kf5 55.h4 Ke5 56.Kc5 Ke6 57.Kd4 Kf5
58.Kd5 Kf6 59.Ke4 Ke6 60.Kxf4 Kf6 61.Ke4 Ke6 62.f4 Kf6 63.f5 Kf7 64.Ke5 Ke7
65.f6+ Kf8 66.Kf5 Kf7 67.Kg5 Kf8 68.Kxh5 Kf7 69.Kg5 Kf8 70.Kg6 Kg8 71.f7+ Kf8
72.h5  1-0

[Event "Moscow GM4"]
[Site "Moscow"]
[Date "1996.??.??"]
[Round "?"]
[White "Danielian, Oganes"]
[Black "Vorobiov, Evgeny E"]
[Result "1/2-1/2"]
[WhiteElo "2450"]
[BlackElo "2320"]

1.d4 Nf6 2.c4 g6 3.Nc3 d5 4.cxd5 Nxd5 5.e4 Nxc3 6.bxc3 Bg7 7.Qa4+ Nd7 8.Nf3 O-O
9.Bg5 c5 10.Rc1 a6 11.Qa3 h6 12.Be3 e6 13.Bd3 b6 14.O-O Bb7 15.h3 Qc7 16.Rb1 Rfd8
17.Qc1  1/2-1/2

[Event "Moscow GM1"]
[Site "Moscow"]
[Date "1996.??.??"]
[Round "?"]
[White "Najer, Evgeniy"]
[Black "Fish, Gannadij"]
[Result "1/2-1/2"]
[WhiteElo "2455"]
[BlackElo "2435"]

1.d4 Nf6 2.c4 g6 3.Nc3 d5 4.cxd5 Nxd5 5.e4 Nxc3 6.bxc3 Bg7 7.Nf3 c5 8.Rb1 O-O
9.Be2 Nc6 10.d5 Ne5 11.Nxe5 Bxe5 12.Qd2 e6 13.f4 Bc7 14.O-O exd5 15.exd5 Ba5
16.f5 Bxf5 17.Rxb7 c4 18.Kh1 Qf6 19.Bxc4 Bxc3 20.Qf2 Rfc8 21.Bb3 Bd3 22.Bg5 Qxf2
23.Rxf2 Re8 24.h4 Re1+ 25.Kh2 Be5+ 26.Bf4 Bd4 27.Rd2 Bg1+ 28.Kg3 Ba6 29.Rd7 Bb5
30.Rb7 Ba6 31.Rd7 Bb5  1/2-1/2

[Event "Moscow-A"]
[Site "Moscow"]
[Date "1996.??.??"]
[Round "?"]
[White "Kumaran, Dharshan"]
[Black "Smikovski, I."]
[Result "0-1"]
[WhiteElo "2495"]
[BlackElo "2545"]

1.d4 Nf6 2.c4 g6 3.Nc3 d5 4.cxd5 Nxd5 5.e4 Nxc3 6.bxc3 Bg7 7.Bb5+ c6 8.Ba4 O-O
9.Ne2 e5 10.O-O Nd7 11.Bb3 Qe7 12.Qc2 Re8 13.f3 b6 14.Be3 Ba6 15.Rfd1 Rac8
16.Qd2 c5 17.d5 c4 18.Ba4 Red8 19.Bxd7 Qxd7 20.a4 f5 21.a5 b5 22.Nc1 fxe4
23.fxe4 b4 24.cxb4 Bf8 25.Qc3 Qg4 26.Re1 Rd7 27.Bc5 Rxc5 28.bxc5 Bxc5+ 29.Kh1 Bd4
30.Qa3 Rf7 31.Rb1 Bf2 32.h3 Qh4 33.Re2 Be1 34.Qe3 Bxa5 35.Na2 Bb6 36.Qa3 Bc8
37.Kh2 Bg4 38.Rc2 Rf3 39.Qxf3 Bxf3 40.gxf3 Bf2 41.Kg2 Qg3+ 42.Kf1 Qg1+  0-1

[Event "Moscow-B"]
[Site "Moscow"]
[Date "1996.??.??"]
[Round "?"]
[White "Pres, Grigorii"]
[Black "Leontiev, Aleksandr V"]
[Result "1-0"]
[WhiteElo "2310"]
[BlackElo "2335"]

1.d4 Nf6 2.c4 g6 3.Nc3 d5 4.cxd5 Nxd5 5.e4 Nxc3 6.bxc3 Bg7 7.Bc4 c5 8.Be3 Nc6
9.Ne2 O-O 10.h4 cxd4 11.cxd4 Qa5+ 12.Kf1 Bd7 13.h5 Rfc8 14.hxg6 hxg6 15.Rb1 Nd8
16.Qd3 a6 17.Bd2 Qc7 18.Rc1 Qb8 19.Bf4 e5 20.Bxe5 Bxe5 21.dxe5 Be6 22.Bxe6 Rxc1+
23.Nxc1 Nxe6 24.Qh3 Kf8 25.Qh8+ Ke7 26.Qf6+  1-0

[Event "Moscow-ch"]
[Site "Moscow"]
[Date "1996.??.??"]
[Round "1"]
[White "Afanasiev, Vadim"]
[Black "Baikov, Vladimir A"]
[Result "1-0"]
[WhiteElo "2295"]
[BlackElo "2470"]

1.d4 Nf6 2.c4 g6 3.Nc3 d5 4.cxd5 Nxd5 5.e4 Nxc3 6.bxc3 Bg7 7.Bb5+ Bd7 8.Be2 c5
9.Nf3 Bc6 10.Qd3 e6 11.O-O O-O 12.Rb1 cxd4 13.cxd4 f5 14.Ng5 Qxd4 15.Qh3 h6
16.Nxe6 Qxe4 17.Nxf8 Bxf8 18.Bd3 Qd5 19.Bc2 Kh7 20.Bb3 Qe4 21.Bb2 Bb4 22.Rbd1 Na6
23.Bf6 Nc5 24.Rd4 Qe2 25.Bc4 Qh5 26.Rh4 Qxh4 27.Qxh4 Ne4 28.Bb2 Bc5 29.Qf4 Re8
30.Bc1 Bf8 31.h4 Bg7 32.h5 Ng5 33.hxg6+ Kh8 34.Qd6  1-0

[Event "Moscow Alekhine op"]
[Site "Moscow"]
[Date "1996.??.??"]
[Round "4"]
[White "Dolinskij, Boris"]
[Black "Abramov, AP."]
[Result "1-0"]
[WhiteElo "2265"]
[BlackElo "2085"]

1.d4 Nf6 2.c4 g6 3.Nc3 d5 4.cxd5 Nxd5 5.e4 Nxc3 6.bxc3 Bg7 7.Bb5+ Bd7 8.Be2 c5
9.Nf3 cxd4 10.cxd4 Qa5+ 11.Bd2 Qa4 12.Qxa4 Bxa4 13.O-O O-O 14.Rac1 Nd7 15.Rc7 e5
16.d5 b6 17.Rfc1 Rfe8 18.Bb4 Bf8 19.d6 a5 20.Ba3 Rad8 21.Ra7 b5 22.Rxa5 Bh6
23.Rc7 Nf6 24.Raa7 Nxe4 25.d7 Rxd7 26.Rxd7 Nc3 27.Bf1 e4 28.Nd4 e3 29.Re7 exf2+
30.Kxf2 Rd8 31.Rad7 Rc8 32.Rc7 Be3+ 33.Kxe3 Nd5+ 34.Kd2 Nxc7 35.Re5 Rd8  1-0

[Event "RUS-Cup2"]
[Site "Moscow"]
[Date "1996.??.??"]
[Round "4"]
[White "Glagolev, BA."]
[Black "Krivonogov, Alexander"]
[Result "0-1"]
[WhiteElo "2055"]
[BlackElo "2310"]

1.d4 Nf6 2.c4 g6 3.Nc3 d5 4.cxd5 Nxd5 5.e4 Nxc3 6.bxc3 Bg7 7.Bc4 c5 8.Ne2 O-O
9.O-O cxd4 10.cxd4 Nc6 11.Be3 Bg4 12.f3 Na5 13.Bxf7+ Rxf7 14.fxg4 Rxf1+ 15.Kxf1 Qd7
16.h3 e5 17.d5 Nc4 18.Qb3 Rc8 19.Rd1 b5 20.Bg5 Bf8 21.Kg1 Bc5+ 22.Kh2 Rf8
23.Bh4 a6 24.Rd3 Rf1 25.a4 Nd6 26.axb5 Qxb5 27.Bg3 Nxe4 28.Bxe5 Re1 29.Qc2 Nf2
30.Rd2 Qe8 31.Qb2 Rb1 32.Kg3 Ne4+ 33.Kf4 Nxd2 34.Qxd2 Rf1+ 35.Ke4 Bd6 36.Qc3 Bxe5  0-1

[Event "Moscow-ch"]
[Site "Moscow"]
[Date "1996.??.??"]
[Round "5"]
[White "Nachev, Sergei Y"]
[Black "Baikov, Vladimir A"]
[Result "1-0"]
[WhiteElo "2285"]
[BlackElo "2470"]

1.d4 Nf6 2.c4 g6 3.Nc3 d5 4.cxd5 Nxd5 5.e4 Nxc3 6.bxc3 Bg7 7.Nf3 O-O 8.Rb1 c5
9.Be2 Nc6 10.d5 Ne5 11.Nxe5 Bxe5 12.Qd2 e6 13.f4 Bc7 14.O-O Ba5 15.d6 e5
16.fxe5 b6 17.Qh6 Be6 18.Bg5 f6 19.Bxf6 Rxf6 20.Rxf6 Bxa2 21.Rbf1 Bxc3 22.d7  1-0

[Event "RUS-Cup2"]
[Site "Moscow"]
[Date "1996.??.??"]
[Round "5"]
[White "Rychagov, Andrei"]
[Black "Baikov, Vladimir A"]
[Result "1-0"]
[WhiteElo "2375"]
[BlackElo "2470"]

1.d4 Nf6 2.c4 g6 3.Nc3 d5 4.cxd5 Nxd5 5.e4 Nxc3 6.bxc3 Bg7 7.Bb5+ c6 8.Ba4 O-O
9.Ne2 e5 10.O-O Qe7 11.Qc2 Re8 12.d5 b5 13.Bb3 Bb7 14.a4 cxd5 15.exd5 a6
16.Ba3 Qc7 17.f4 Nd7 18.f5 Nf6 19.Rad1 Ng4 20.fxg6 hxg6 21.Ng3 Kh8 22.Ne4 Ne3
23.Qf2 Nxf1 24.Qh4+ Kg8 25.Ng5 Re7 26.Rxf1 Bc8 27.Qh7+ Kf8 28.Rxf7+  1-0

[Event "Moscow Alekhine op"]
[Site "Moscow"]
[Date "1996.??.??"]
[Round "5"]
[White "Korotylev, Alexey"]
[Black "Notkin, Maksim"]
[Result "1/2-1/2"]
[WhiteElo "2440"]
[BlackElo "2515"]

1.d4 Nf6 2.c4 g6 3.Nc3 d5 4.cxd5 Nxd5 5.e4 Nxc3 6.bxc3 Bg7 7.Bb5+ c6 8.Ba4 a5
9.Ne2 b5 10.Bb3 a4 11.Bc2 O-O 12.O-O c5 13.Be3 cxd4 14.cxd4 Nc6 15.d5 Ne5
16.Bd4 e6 17.f4 Nc4 18.Bxg7 Kxg7 19.Qd4+ Kg8 20.Bd3 exd5 21.exd5 Nd6 22.Nc3 Rb8
23.Ne4 Nxe4 24.Bxe4 Qb6 25.Rfd1 Rd8 26.Rac1 Bd7 27.Qxb6 Rxb6 28.Rd4 b4 29.Rb1 b3
30.axb3 axb3 31.Rb2 Kf8 32.Kf2 Ke7 33.Ke3 Kd6 34.Kd2 Rc8 35.Bf3 Rc5 36.Bd1  1/2-1/2

[Event "RUS-Cup2"]
[Site "Moscow"]
[Date "1996.??.??"]
[Round "8"]
[White "Burmakin, Vladimir"]
[Black "Yandemirov, Valeri"]
[Result "1/2-1/2"]
[WhiteElo "2505"]
[BlackElo "2465"]

1.d4 Nf6 2.c4 g6 3.Nc3 d5 4.cxd5 Nxd5 5.e4 Nxc3 6.bxc3 Bg7 7.Nf3 c5 8.Be2 Nc6
9.d5 Ne5 10.Nxe5 Bxe5 11.Qb3 O-O 12.f4 Bg7 13.O-O e6 14.Bc4  1/2-1/2

[Event "Moscow Alekhine op"]
[Site "Moscow"]
[Date "1996.??.??"]
[Round "9"]
[White "Yuferov, Sergey  N"]
[Black "Notkin, Maksim"]
[Result "1/2-1/2"]
[WhiteElo "2440"]
[BlackElo "2515"]

1.d4 Nf6 2.c4 g6 3.Nc3 d5 4.cxd5 Nxd5 5.e4 Nxc3 6.bxc3 Bg7 7.Be3 c5 8.Qd2 Qa5
9.Nf3 Nc6 10.Rc1 cxd4 11.cxd4 Qxd2+ 12.Kxd2 O-O 13.Bb5 f5 14.exf5  1/2-1/2

[Event "Neuchatel op"]
[Site "Neuchatel"]
[Date "1996.??.??"]
[Round "3"]
[White "Raeber, Markus"]
[Black "Mikhalevski, Victor"]
[Result "1/2-1/2"]
[WhiteElo "2195"]
[BlackElo "2495"]

1.d4 Nf6 2.c4 g6 3.Nc3 d5 4.cxd5 Nxd5 5.e4 Nxc3 6.bxc3 Bg7 7.Nf3 c5 8.Rb1 O-O
9.Be2 Nc6 10.d5 Ne5 11.Nxe5 Bxe5 12.Qd2 e6 13.O-O exd5 14.exd5 b6 15.c4 Qd6
16.Qh6 Bf5 17.Rb3 Rfe8 18.Bd3 Bd7 19.Bb2 Ba4 20.Bxe5 Rxe5 21.Ra3 Rh5 22.Qxh5 gxh5
23.Rxa4 Qe7 24.Ra3 Rd8 25.Rb1 Rd6 26.Bf1 Rf6 27.Re3 Qd7 28.Rbe1 Kf8 29.Bd3 b5
30.Bxh7 bxc4 31.Rg3 Rg6 32.Bxg6 fxg6 33.Rc3  1/2-1/2

[Event "Neuchatel op"]
[Site "Neuchatel"]
[Date "1996.??.??"]
[Round "6"]
[White "Kelecevic, Nedeljko"]
[Black "Sutter, Oliver"]
[Result "1/2-1/2"]
[WhiteElo "2480"]
[BlackElo "2340"]

1.d4 Nf6 2.c4 g6 3.Nc3 d5 4.cxd5 Nxd5 5.e4 Nxc3 6.bxc3 Bg7 7.Nf3 c5 8.Be3 Qa5
9.Qd2 Nc6 10.Rc1 cxd4 11.cxd4 Qxd2+ 12.Kxd2 O-O 13.d5 Rd8 14.Ke1 Nb4 15.Bd2 Na6
16.Bc3 e6 17.Bxg7 Kxg7 18.Bxa6 bxa6 19.dxe6 Bxe6 20.Ke2 Bxa2 21.Rc7 Rab8
22.Rhc1 Rb2+ 23.R1c2 Rxc2+ 24.Rxc2 Bb1 25.Rd2 Rxd2+ 26.Nxd2 Bc2 27.f4 a5
28.Ke3 a4 29.Nc4 Kf6 30.g4 h6 31.h4 g5 32.hxg5+ hxg5 33.fxg5+ Kxg5 34.Kd4 Bb3
35.Nd6 f6 36.Kc3 Be6 37.Kb4 Bd7 38.e5 a5+ 39.Ka3 fxe5  1/2-1/2

[Event "North Bay op"]
[Site "North Bay"]
[Date "1996.??.??"]
[Round "?"]
[White "Peckford, William"]
[Black "Wolff, Patrick G"]
[Result "1/2-1/2"]
[WhiteElo "2285"]
[BlackElo "2580"]

1.d4 Nf6 2.c4 g6 3.Nc3 d5 4.cxd5 Nxd5 5.e4 Nxc3 6.bxc3 Bg7 7.Bc4 c5 8.Ne2 Nc6
9.Be3 O-O 10.O-O Bg4 11.f3 Na5 12.Bd3 cxd4 13.cxd4 Be6 14.Rc1 Bxa2 15.Qa4 Bb3
16.Qb4 b6 17.d5 Qd6 18.Qxd6 exd6 19.Rc7 Ba4 20.Nc3 Bxc3 21.Rxc3 Nb3 22.Bc2 Rfc8
23.Rxc8+ Rxc8 24.Bxb3 Bxb3 25.Ra1 Rc7 26.Bf4 Rd7 27.Rc1 f5 28.Kf2 fxe4 29.fxe4 Ba4
30.Ke3 Kf7  1/2-1/2

[Event "RUS-ch sf"]
[Site "Novosibirsk"]
[Date "1996.??.??"]
[Round "?"]
[White "Pres, Grigorii"]
[Black "Semeniuk, Alexander A"]
[Result "1-0"]
[WhiteElo "2310"]
[BlackElo "2415"]

1.d4 Nf6 2.c4 g6 3.Nc3 d5 4.cxd5 Nxd5 5.e4 Nxc3 6.bxc3 Bg7 7.Bc4 c5 8.Ne2 Nc6
9.Be3 O-O 10.h4 cxd4 11.cxd4 Na5 12.Bd5 e6 13.Bb3 Nxb3 14.axb3 e5 15.d5 f5
16.h5 Rf7 17.hxg6 hxg6 18.Qd2 f4 19.Bc5 b6 20.Ba3 f3 21.gxf3 Rxf3 22.Nc3 Ba6
23.Bb4 Bd3 24.d6 Qd7 25.Qg5 Qe6 26.d7 Qxd7 27.Qxg6 Rh3 28.O-O-O Rc8 29.Rxh3 Qxh3
30.Rxd3 Qxd3 31.Qe6+ Kh7 32.Qf5+ Kh6 33.Qxc8 a5 34.Be7  1-0

[Event "Oberwart op"]
[Site "Oberwart"]
[Date "1996.??.??"]
[Round "8"]
[White "Gleizerov, Evgeny"]
[Black "Ruck, Robert"]
[Result "1/2-1/2"]
[WhiteElo "2545"]
[BlackElo "2465"]

1.d4 Nf6 2.c4 g6 3.Nc3 d5 4.cxd5 Nxd5 5.e4 Nxc3 6.bxc3 Bg7 7.Bb5+ c6 8.Ba4 O-O
9.Ne2 e5 10.O-O Re8 11.Qc2 Qe7 12.f3 Nd7 13.Bb3 b6 14.Be3 Ba6 15.Rfe1 Rac8
16.Qd2 exd4 17.cxd4 Bxe2 18.Rxe2 c5 19.Rd1 cxd4 20.Bxd4 Bxd4+ 21.Qxd4 Qc5
22.Qf2 Qxf2+ 23.Kxf2 Nc5 24.Bc2 Red8 25.Ke3 Kf8 26.Red2 Rxd2 27.Rxd2 Ke7
28.g3 Ne6 29.Bb3  1/2-1/2

[Event "Oberwart op"]
[Site "Oberwart"]
[Date "1996.??.??"]
[Round "9"]
[White "Roos, Thomas"]
[Black "Groszpeter, Attila"]
[Result "1/2-1/2"]
[WhiteElo "2255"]
[BlackElo "2545"]

1.d4 Nf6 2.c4 g6 3.Nc3 d5 4.cxd5 Nxd5 5.e4 Nxc3 6.bxc3 Bg7 7.Bc4 c5 8.Ne2 Nc6
9.Be3 O-O 10.O-O Na5 11.Bd3 Bg4 12.f3 cxd4 13.cxd4 Be6 14.Rc1 Bxa2 15.Qa4 Be6
16.d5 Bd7 17.Qb4 e6 18.Nc3 b6 19.Rfd1 Nb7 20.Ba6 Nc5 21.Bxc5 bxc5 22.Qxc5 Qb6
23.Qxb6 axb6 24.Bb5 Rfd8 25.Bxd7 Rxd7 26.Nb5 exd5 27.exd5 Ra5 28.Rb1 f5 29.f4 Kf7
30.d6 Bf6 31.Rb3 Ra4 32.g3 Rc4 33.Rd2  1/2-1/2

[Event "RUS-Cup3"]
[Site "Omsk"]
[Date "1996.??.??"]
[Round "1"]
[White "Usatchev, Sergei"]
[Black "Yandemirov, Valeri"]
[Result "0-1"]
[WhiteElo "2030"]
[BlackElo "2465"]

1.d4 Nf6 2.c4 g6 3.Nc3 d5 4.cxd5 Nxd5 5.e4 Nxc3 6.bxc3 Bg7 7.Bc4 O-O 8.Ne2 Nc6
9.Be3 Na5 10.Bb3 b6 11.O-O Ba6 12.Rc1 c5 13.c4 cxd4 14.Nxd4 Qd7 15.Ba4 Qb7
16.Qf3 Bxc4 17.Rxc4 Nxc4 18.Bc6 Qc8 19.Bxa8 Qxa8 20.Rc1 Ne5 21.Qe2 Qxe4 22.Qc2 Qxc2
23.Nxc2 Rc8 24.Nb4 Rxc1+ 25.Bxc1 Kf8 26.Kf1 Nc4 27.Ke2 Ke8 28.Kd3 Na5 29.Bd2 Kd7
30.h3 Nc6  0-1

[Event "RUS-Cup3"]
[Site "Omsk"]
[Date "1996.??.??"]
[Round "3"]
[White "Nenashev, Alexander"]
[Black "Khachian, Melikset"]
[Result "1/2-1/2"]
[WhiteElo "2580"]
[BlackElo "2480"]

1.d4 Nf6 2.c4 g6 3.Nc3 d5 4.cxd5 Nxd5 5.e4 Nxc3 6.bxc3 Bg7 7.Bc4 O-O 8.Ne2 Nc6
9.Bg5 Na5 10.Bd3 c5 11.d5 h6 12.Be3 b6 13.c4 e5 14.Qd2 f5 15.Bxh6 fxe4 16.Bxg7 Kxg7
17.Bxe4 Qf6 18.f3  1/2-1/2

[Event "Pamplona op"]
[Site "Pamplona"]
[Date "1996.??.??"]
[Round "?"]
[White "Ruiz, Richard"]
[Black "Sion Castro, Marcelino"]
[Result "1-0"]
[WhiteElo "2190"]
[BlackElo "2400"]

1.d4 Nf6 2.c4 g6 3.Nc3 d5 4.cxd5 Nxd5 5.e4 Nxc3 6.bxc3 Bg7 7.Nf3 c5 8.Be2 O-O
9.Rb1 cxd4 10.cxd4 Qa5+ 11.Bd2 Qxa2 12.O-O Bg4 13.Bg5 h6 14.Be3 Nc6 15.d5 Ne5
16.Rb4 Bxf3 17.gxf3 b6 18.Ra4 Qb2 19.Bd4 Nxf3+ 20.Bxf3 Bxd4 21.Rxd4 Rac8
22.e5 Rc3 23.d6 exd6 24.Rxd6 Qb4 25.Qd5 Rc5 26.Rxg6+ Kh7 27.Qd6  1-0

[Event "Komercni Banka op"]
[Site "Pardubice"]
[Date "1996.??.??"]
[Round "2"]
[White "Hlinka, Vasil"]
[Black "Walek, Milan"]
[Result "0-1"]
[WhiteElo "2055"]
[BlackElo "2310"]

1.d4 Nf6 2.c4 g6 3.Nc3 d5 4.cxd5 Nxd5 5.e4 Nxc3 6.bxc3 Bg7 7.Nf3 c5 8.Rb1 O-O
9.Be2 Nc6 10.d5 Ne5 11.O-O b6 12.c4 e6 13.Nxe5 Bxe5 14.Be3 Qc7 15.f4 Bg7
16.Qc2 Bd7 17.Rfd1 Rae8 18.Bf3 Qc8 19.e5 f6 20.f5 gxf5 21.Bh5 fxe5 22.Bxe8 Qxe8
23.Bg5 Ba4 24.Qd2 Bxd1 25.Rxd1 e4 26.d6 Qd7 27.Be7 Bd4+ 28.Kh1 e3 29.Qe2 Rf7  0-1

[Event "Komercni Banka op"]
[Site "Pardubice"]
[Date "1996.??.??"]
[Round "3"]
[White "Vacovska, Veronika"]
[Black "Hybl, Jaroslav"]
[Result "1/2-1/2"]
[WhiteElo "2090"]
[BlackElo "2235"]

1.d4 Nf6 2.c4 g6 3.Nc3 d5 4.cxd5 Nxd5 5.e4 Nxc3 6.bxc3 Bg7 7.Bc4 c5 8.Be3 O-O
9.Ne2 Nc6 10.O-O Bg4 11.f3 Na5 12.Bd3 cxd4 13.cxd4 Be6 14.d5 Bxa1 15.Qxa1 f6
16.Rb1 Bd7 17.Bh6 Rf7 18.e5 fxe5 19.Qxe5 Bf5 20.Bxf5 gxf5 21.Qg3+ Kh8 22.Qe5+ Kg8
23.Qg3+ Kh8 24.Qe5+  1/2-1/2

[Event "Komercni Banka op"]
[Site "Pardubice"]
[Date "1996.??.??"]
[Round "3"]
[White "Korotylev, Alexey"]
[Black "Malisauskas, Vidmantas"]
[Result "1/2-1/2"]
[WhiteElo "2435"]
[BlackElo "2525"]

1.d4 Nf6 2.c4 g6 3.Nc3 d5 4.cxd5 Nxd5 5.e4 Nxc3 6.bxc3 Bg7 7.Bb5+ c6 8.Ba4 O-O
9.Ne2 b6 10.O-O Ba6 11.Be3 e5 12.Re1 Qe7 13.Qc2 exd4 14.cxd4 c5 15.Nc3 cxd4
16.Nd5 Qc5 17.Qxc5 bxc5 18.Bf4 Bb7 19.Ne7+ Kh8 20.Rab1 Ba6 21.Nd5 Bd3 22.Rbd1 Ba6
23.Nc7 Bb7 24.Bd6 Rc8 25.Nxa8 Bxa8 26.Rc1 c4 27.Bxb8 Rxb8 28.Rxc4 Bxe4 29.Rc7 Bd5
30.Re8+ Rxe8 31.Bxe8 d3 32.Rd7 Bxa2 33.Rxd3 Be6 34.Rd8 Bf6 35.Ra8 Kg7 36.Rxa7 h5
37.Bd7 Bxd7 38.Rxd7 Be5 39.h3 Kf6 40.Kf1 Ke6 41.Rb7 f5 42.Rb6+ Kf7 43.Ke2 Bd4
44.Ra6 Kg7 45.f4 Kf7 46.Kd3 Bg7 47.Ra7+ Kg8 48.h4 Bf6 49.g3 Kf8 50.Kc4 Bb2
51.Kd5 Bc3 52.Ke6 Bb2 53.Rb7 Ba1 54.g4 fxg4 55.f5 gxf5 56.Rf7+ Kg8 57.Rxf5 Kg7
58.Rg5+ Kh6 59.Kf5 Bd4 60.Rg6+ Kh7 61.Kg5 Bf2 62.Rh6+ Kg7 63.Rc6 g3 64.Kxh5 Kf7
65.Rg6 Be1 66.Rg5 Bf2 67.Rg6 Ke7 68.Rg4 Kf6  1/2-1/2

[Event "Komercni Banka op"]
[Site "Pardubice"]
[Date "1996.??.??"]
[Round "4"]
[White "Berezin, Oleg"]
[Black "Kindl, Peter"]
[Result "1-0"]
[WhiteElo "2455"]
[BlackElo "2310"]

1.d4 Nf6 2.c4 g6 3.Nc3 d5 4.cxd5 Nxd5 5.e4 Nxc3 6.bxc3 Bg7 7.Bb5+ Bd7 8.Be2 c5
9.Nf3 cxd4 10.cxd4 Nc6 11.Rb1 Qa5+ 12.Bd2 Qxa2 13.Rxb7 Rb8 14.Rxb8+ Nxb8
15.O-O O-O 16.d5 Ba4 17.Qb1 Qxb1 18.Rxb1 Nd7 19.Rb4 Nb6 20.h3 Rc8 21.e5 Bd7
22.e6 fxe6 23.dxe6 Bxe6 24.Ng5 Bd5 25.Bg4 Rc6 26.Rb5 h6 27.Bf3 Bxf3 28.Nxf3 a6
29.Rb1 Nd5 30.Rb8+ Kh7 31.Ra8 g5 32.g3 Kg6 33.Ba5 Kf5 34.Kg2 Ke4 35.Rg8 Ba1
36.h4 gxh4 37.Rg4+ Kd3 38.Ne1+ Ke2  1-0

[Event "Komercni Banka op"]
[Site "Pardubice"]
[Date "1996.??.??"]
[Round "4"]
[White "Jedlicka, Ales"]
[Black "Kalod, Radek"]
[Result "0-1"]
[WhiteElo "2145"]
[BlackElo "2380"]

1.d4 Nf6 2.c4 g6 3.Nc3 d5 4.cxd5 Nxd5 5.e4 Nxc3 6.bxc3 Bg7 7.Nf3 c5 8.Rb1 O-O
9.Be2 cxd4 10.cxd4 Qa5+ 11.Qd2 Qxd2+ 12.Bxd2 e6 13.O-O b6 14.Rfd1 Bb7 15.d5 exd5
16.exd5 Nd7 17.Bg5 a6 18.Be3 b5 19.a4 Nf6 20.d6 Be4 21.Rbc1 bxa4 22.d7 a3
23.Bc5 Rfd8 24.Bxa3 Rxd7 25.Rxd7 Nxd7 26.Ng5 Bd5 27.Rd1 Nf6 28.Bb2 Bb3 29.Rd6 Ne8
30.Rb6 Bxb2 31.Rxb3 Bf6 32.Ne4 Be7 33.Rb7 Kf8 34.Bc4 a5 35.Ng5 Nd6 36.Nxh7+ Ke8  0-1

[Event "Komercni Banka op"]
[Site "Pardubice"]
[Date "1996.??.??"]
[Round "6"]
[White "Grabliauskas, Virginijus"]
[Black "Khachian, Melikset"]
[Result "0-1"]
[WhiteElo "2430"]
[BlackElo "2480"]

1.d4 Nf6 2.c4 g6 3.Nc3 d5 4.cxd5 Nxd5 5.e4 Nxc3 6.bxc3 Bg7 7.Bb5+ Nc6 8.Ne2 O-O
9.O-O Na5 10.Be3 c6 11.Bd3 e5 12.Rb1 Be6 13.a4 Qe7 14.f4 f6 15.fxe5 fxe5
16.Rxf8+ Rxf8 17.dxe5 b6 18.Nd4 Bxe5 19.Nxe6 Qxe6 20.Qc2 Bf4 21.Bf2 c5 22.Bb5 Kg7
23.Rd1 h5 24.h3 Rf7 25.Rd8 Bc7 26.Re8 Qf6 27.Qe2 Be5 28.g3 Rf8 29.Rxf8 Kxf8
30.c4 Bd4 31.Bxd4 Qxd4+ 32.Kg2 Ke7 33.h4 Nb3 34.Bc6 Nc1 35.Qf1 Qd2+ 36.Kh3 Nd3
37.Qg2 Qd1 38.Bd5 Ne5 39.Qf2 Qxa4  0-1

[Event "Komercni Banka op"]
[Site "Pardubice"]
[Date "1996.??.??"]
[Round "7"]
[White "Karhanec, Pavel"]
[Black "Shuganov, Yury"]
[Result "1-0"]
[WhiteElo "2110"]
[BlackElo "2270"]

1.d4 Nf6 2.c4 g6 3.Nc3 d5 4.cxd5 Nxd5 5.e4 Nxc3 6.bxc3 Bg7 7.Nf3 O-O 8.Be2 c5
9.Rb1 cxd4 10.cxd4 Qa5+ 11.Qd2 Qxd2+ 12.Bxd2 Nc6 13.d5 Nd4 14.Nxd4 Bxd4 15.Bb4 Bf6
16.f4 Rd8 17.Rc1 Kf8 18.e5 Bg7 19.Bf3 g5 20.d6 exd6 21.Bxd6+ Kg8 22.O-O gxf4
23.Rc7 Re8 24.Bd5 Be6 25.Bxe6 Rxe6 26.Rxf4 f6 27.Rg4  1-0